Quiz dos estados brasileiros - Rio Grande do Sul - Statistics

Estatísticas Gerais
  • Esse quiz foi jogado 696 vezes
    687 desde o último reset
  • A pontuação média é 19 de 31
Estatísticas das Respostas
Dica Resposta % Correto
Capital Porto Alegre
99%
3 cidade mais populosas Porto Alegre
99%
Bebida tradicional chimarrão
90%
Erva usada na bebida citada mate
85%
Jogador de futebol eleito melhor do mundo em 2004 e 2005 Ronaldinho Gaúcho
85%
3 cidade mais populosas Caxias do Sul
82%
Município turístico que realiza o principal festival de cinema do país Gramado
82%
Carne assada na brasa tradicionalíssima no estado churrasco
79%
Presidente natural do estado que governou o país por mais de 15 anos Getúlio Vargas
77%
Nome dado ao clássico de futebol dos maiores clubes da capital grenal
76%
Número de presidentes da ditatura militar nascidos no estado 3
75%
Cidade mais ao sul do país Chuí
74%
Revolução que instaurou o estado como uma república independente Farroupilha
74%
País que disputava com os portugueses o controle do estado Espanha
72%
Rio que demarca a fronteira com a Argentina e parte de Santa Catarina Uruguai
71%
3 cidade mais populosas Canoas
69%
O estado é líder nacional na produção dessa bebida alcoólica vinho
69%
Gentílico derivado do castelhano gaúcho
68%
Laguna que acreditava-se ser a foz do Rio Grande, dando nome ao estado Lagoa dos Patos
56%
Bioma caracterizado por planícies com campos Pampas
56%
O estado é líder nacional na produção desses produtos agrícolas arroz
53%
Líder da revolução citada Bento Gonçalves
47%
Italiano que participou da revolução citada e é chamado de "Herói dos dois mundos" Giuseppe Garibaldi
47%
O estado é líder nacional na produção desses produtos agrícolas uva
43%
Ginasta famosa por se apresentar ao som de "Brasileirinho" Daiane dos Santos
40%
Cidade natal de dois presidentes da república São Borja
37%
Autor de "O tempo e o vento" Érico Veríssimo
35%
Político que foi governador do Rio de Janeiro e do Rio Grande do Sul Leonel Brizola
33%
Vento frio de origem polar Minuano
33%
O estado é líder nacional na produção desses produtos agrícolas tabaco
10%
O estado é líder nacional na produção desses produtos agrícolas mel
4%
Nenhum quiz correspondente encontrado
Distribuição das Pontuações
Porcentagem de Pessoas com Cada Pontuação
Percentil de Números Respondidos
Sua Pontuação Histórica
Você não jogou esse quiz desde o último reset